000 00853nam a2200289Ia 4500
003 OSt
005 20221005084016.0
006 a|||||r|||| 00| 0
007 ta
008 221004b |||||||| |||| 00| 0 eng d
020 _a0881633445
_c1750.20
024 _a83236
037 _b440, 30/03/2005, Vardhman Books
_cTextual
040 _aCRL
_cCRL
_beng
041 _2eng
_aeng
082 _a/\:(SM9), P4
100 _aSorenson Randall Lehmann
_9612967
245 0 _aMinding spirituality
260 _aNew Jersey
_bAnalytic Press
_c2004
300 _a191p.
_ccm.
490 _aRelational perspectives Book Series
650 _a SPIRITUALISM
650 _a SPIRITUALISM
650 _aPSYCHOANALYSIS
942 _h/\:(SM9), P4
_cTEXL
_2cc
999 _c991888
_d991888